Datum a čas kvízu

38 Celkem bodů Celkový počet nahraných bodů na tomto kvízu bez doplňovacích otázek.
3. Pořadí na kvízu Konečné umístění týmu na tomto kvízu.

Zaznamenané odpovědi

# Otázka Odpověď Body Výsledky
1. V úterý poprvé vystoupil prez... Rudé právo 1
2. Vláda které země rozhodla, že... Islandu 0
3. Chata jednoho spisovatele leží... Bohumil Hrabal; Kersko 1
4. Která společnost minulý týden... Levné knihy 1
5. Americká běžkyně Jessica McCla... C 0
6. Vítězné téma facebookového hla... 1D 2C 3A 4B 1
7. Která ženská postava běží na k... Bridget Jones 1
8. „Celou dobu mi do nosu tekla v... Tobey Maguire 1
9. Tento filmový polibek byl insp... v Helsinkách 1
10. Jak se jmenují filmové postavy... Lady a Tramp 1